Las ciudades intermedias y el desarrollo regional de México / (Record no. 86230)

MARC details
000 -CABECERA
campo de control de longitud fija 00820nam a22002293a 4500
005 - FECHA Y HORA DE LA ÚLTIMA TRANSACCIÓN
campo de control 20210223124416.0
008 - ELEMENTOS DE LONGITUD FIJA--INFORMACIÓN GENERAL
campo de control de longitud fija 011001s1996 mx fr 000 0 spa d
020 ## - NÚMERO INTERNACIONAL NORMALIZADO PARA LIBROS
Número Internacional Estándar del Libro 9682982898
035 ## - NÚMERO DE CONTROL DEL SISTEMA
Número de control de sistema UPN01000112322
049 ## - COLECCIÓN
Colección CG
050 #4 - SIGNATURA TOPOGRÁFICA DE LA BIBLIOTECA DEL CONGRESO
Número de clasificación HT384 M6
Número de documento/Ítem A3.3
100 1# - ASIENTO PRINCIPAL--NOMBRE PERSONAL
Nombre de persona Aguilar Martínez, Adrián Guillermo
9 (RLIN) 39437
245 14 - MENCIÓN DE TÍTULO
Título Las ciudades intermedias y el desarrollo regional de México /
Mención de responsabilidad, etc. Adrián Guillermo Aguilar, Boris Graizbord, Alvaro Sánchez Crispín.
260 ## - PUBLICACIÓN, DISTRIBUCIÓN, ETC.
Lugar de publicación, distribución, etc. México :
Nombre del editor, distribuidor, etc. CNCA :
-- UNAM, Centro de Geografía :
-- El Colegio de México,
Fecha de publicación, distribución, etc. 1996.
300 ## - DESCRIPCIÓN FÍSICA
Extensión 403 p.
440 #0 - MENCIÓN DE SERIE/ASIENTO SECUNDARIO--TÍTULO
Título Regiones
650 #4 - ASIENTO SECUNDARIO DE MATERIA - TERMINO TEMATICO
Término de materia o nombre geográfico como elemento de entrada CIUDADES Y PUEBLOS -
Subdivisión geográfica MEXICO
9 (RLIN) 5884
650 #4 - ASIENTO SECUNDARIO DE MATERIA - TERMINO TEMATICO
Término de materia o nombre geográfico como elemento de entrada CIUDADES Y PUEBLOS -
Subdivisión general CRECIMIENTO
9 (RLIN) 8021
700 1# - ASIENTO SECUNDARIO--NOMBRE DE PERSONAL
Nombre de persona Graizbord, Boris,
Término indicativo de función/relación coaut.
700 1# - ASIENTO SECUNDARIO--NOMBRE DE PERSONAL
Nombre de persona Sánchez Crispín, Alvaro,
Término indicativo de función/relación coaut.
905 ## - TIPO DE MATERIAL
Tipo de material Libro
Holdings
Estado de retiro Estado de pérdida Fuente del sistema de clasificación o colocación Estado dañado No para préstamo Código de colección Localización permanente Ubicación/localización actual Ubicación en estantería Total de préstamos Clasificación Código de barras Fecha visto por última vez Número de copia Tipo de ítem Koha
    Library of Congress Classification     Colección General Bib. Gregorio Torres Quintero Bib. Gregorio Torres Quintero Planta baja 1 HT384 M6 A3.3 175647 31/12/2020 1 Libro